LEADER 01294nam a22002891i 4500 001 991002270529707536 005 20030826181558.0 008 030925s1987 fr |||||||||||||||||mul 035 $ab12265603-39ule_inst 035 $aARCHE-031318$9ExL 040 $aBiblioteca Interfacoltà$bita$cA.t.i. Arché s.c.r.l. Pandora Sicilia s.r.l. 041 0 $afreengger 082 04$a001.2092 111 2 $aColloque érasmien$d<1987 ;$cLiegi>$0452988 245 10$aColloque érasmien de Liège :$bcommémoration du 450. anniversaire de la mort d'Érasme : études /$crassemblées par Jean-Pierre Massaut 260 $aParis :$bLes Belles Lettres,$c1987 300 $a313p. ;$c25 cm 440 0$aBibliothèque de la Faculté de philosophie et lettres de l'Université de Liège ;$v247 650 4$aErasmo : da Rotterdam$xCongressi 650 4$aFilosofia occidentale moderna$xCongressi 700 1 $aMassaut, Jean-Pierre$eauthor$4http://id.loc.gov/vocabulary/relators/aut$0538791 907 $a.b12265603$b02-04-14$c08-10-03 912 $a991002270529707536 945 $aLE002 Con. 241$g1$i2002000092625$lle002$o-$pE0.00$q-$rl$s- $t0$u0$v0$w0$x0$y.i12656495$z08-10-03 996 $aColloque érasmien de Liège$91458506 997 $aUNISALENTO 998 $ale002$b08-10-03$cm$da $e-$fmul$gfr $h0$i1 LEADER 01657nas 2200397 n 450 001 990008893750403321 005 20240229084259.0 011 $a0003-3049 035 $a000889375 035 $aFED01000889375 035 $a(Aleph)000889375FED01 035 $a000889375 091 $2CNR$aP 00000829 100 $a20090724a19519999km-y0itaa50------ba 101 0 $afre 102 $aFR 110 $aauu-------- 200 1 $aAngéiologie 207 1$a1951- 210 $aParis$cSociété française d'angéiologie et d'histopathologie 530 0 $aAngéiologie 675 $a612.1 675 $a616.1 676 $a612.1 712 02$aSociété française d'angéiologie 712 02$aInternational Union of Angiology 801 0$aIT$bACNP$c20090723 859 4 $uhttp://acnp.cib.unibo.it/cgi-ser/start/it/cnr/dc-p1.tcl?catno=416&person=false&language=ITALIANO&libr=&libr_th=unina1$zBiblioteche che possiedono il periodico 901 $aSE 912 $a990008893750403321 958 $aBiblioteca. Dipartimento di Scienze Chirurgiche Anestesiologiche e Rianimatorie Sezione Chirurgica Federico II$b1954-1971;1973-1991.$c1954-1957;1960-1971;1973-1987;1989-1991;$fDMCGT 959 $aDMCGT 996 $aAngéiologie$9801661 997 $aUNINA AP1 8 $6866-01$aNA183 Biblioteca. Dipartimento di Scienze Chirurgiche Anestesiologiche e Rianimatorie Sezione Chirurgica Federico II$ev. Pansini,5, Napoli (NA)$m(081) 7462642; 0817462642$nit AP2 40$aacnp.cib.unibo.it$nACNP Italian Union Catalogue of Serials$uhttp://acnp.cib.unibo.it/cgi-ser/start/it/cnr/df-p.tcl?catno=416&language=ITALIANO&libr=&person=&B=1&libr_th=unina&proposto=NO